000 00455nam a2200181Ia 4500
001 17978
005 20260306171556.0
008 260306s9999||||xx |||||||||||||| ||und||
041 _aESP
082 _a658.3
_bS38
100 _aSenlle, Andrés
_eAUT
245 0 _aGestión estratégica de RR.HH para la calidad y la excelencia
260 _c2007
300 _a203 páginas :
_c25 cm.
650 _aGEN
654 _aCAN
942 _cLIB
_dJUS
_fJUS
_2ddc
_n
999 _c17978
_d17978